000 00719nam a2200181Ia 4500
008 100920s9999 xx 000 0 und d
082 _b24066
_a891.464 थ 71
100 _aढेरे रामचंद्र चिंतामण.
245 _aईश्वरनिष्ठांची मांदियाळी.
260 _bश्रीरामकृष्ण आश्रम , पुणे.
_c1971
300 _a154
_bसाधी
365 _b5
520 _aनिबंध.
630 _aईश्वरनिष्ठांची मांदियाळी.
650 _aनिबंध.
730 _aईश्वरनिष्ठांची मांदियाळी.
942 _cBOOK
999 _c682638
_d682635